Más allá de la noticia : la filosodía detrás de los titulares /

Detalles Bibliográficos
Formato: Libro
Lenguaje:inglés
Publicado: Madrid Cátedra 2004
Acceso en línea:

MARC

LEADER 00000cam a2200000 a 4500
001 035699
003 UAHC_CL
005 20170803123911.0
008 150107b xx j 000 1 eng
020 |a 8437621267 
040 |a UAHC_CL  |c UAHC_CL  |d UAHC_CL 
245 1 0 |a Más allá de la noticia :  |b la filosodía detrás de los titulares /  |c Julian Baggini. 
260 |b Cátedra  |a Madrid  |c 2004 
300 |a 272 p. 
900 |a NTI 
942 |c BK 
952 |0 0  |1 0  |4 0  |6 NTI  |7 0  |8 General  |9 67898  |a BC  |b BC  |c General  |d 2017-08-03  |l 0  |m 3  |o NTI  |p 1421596  |q 2018-01-11  |r 2017-08-03 00:00:00  |t 1  |w 2017-08-03  |y BK 
999 |c 35699  |d 35699